[Event "blitmenteam"]
[Site "?"]
[Date "2016.10.07"]
[Round "13.7"]
[White "Pridorozhni, Aleksei"]
[Black "Scherbakov, Mikhail"]
[Result "1-0"]
[LiveChessVersion "1.4.4"]
[BlackElo "1986"]
[WhiteElo "2611"]

1. e4 {[%clk 0:03:03]} c5 {[%clk 0:03:04]} 2. Nc3 {[%clk 0:03:04]} Nc6
{[%clk 0:03:03]} 3. Bb5 {[%clk 0:03:05]} g6 {[%clk 0:03:01]} 4. Bxc6
{[%clk 0:03:06]} bxc6 5. d3 Bg7 {[%clk 0:03:00]} 6. f4 {[%clk 0:03:09]} d6
{[%clk 0:02:54]} 7. Nf3 {[%clk 0:03:09]} Nf6 {[%clk 0:02:55]} 8. O-O
{[%clk 0:03:10]} O-O {[%clk 0:02:55]} 9. Qe1 {[%clk 0:03:10]} Rb8
{[%clk 0:02:49]} 10. h3 {[%clk 0:02:58]} Qc7 {[%clk 0:02:38]} 11. b3
{[%clk 0:02:46]} Re8 {[%clk 0:02:12]} 12. Bd2 Nd7 {[%clk 0:02:07]} 13. Rd1
{[%clk 0:02:24]} e5 {[%clk 0:01:56]} 14. f5 {[%clk 0:02:23]} Nf8 {[%clk 0:01:31]}
15. g4 {[%clk 0:02:20]} f6 {[%clk 0:01:19]} 16. Na4 {[%clk 0:02:07]} g5
{[%clk 0:01:13]} 17. h4 {[%clk 0:02:05]} h6 {[%clk 0:01:13]} 18. c4
{[%clk 0:02:04]} Kf7 {[%clk 0:01:06]} 19. Kg2 {[%clk 0:02:04]} Nd7
{[%clk 0:01:04]} 20. Rh1 {[%clk 0:02:03]} Nb6 {[%clk 0:00:59]} 21. Nc3
{[%clk 0:02:04]} Bd7 {[%clk 0:01:00]} 22. Ne2 {[%clk 0:02:00]} Rh8
{[%clk 0:00:59]} 23. Ng3 {[%clk 0:02:00]} Rbg8 {[%clk 0:00:36]} 24. Rh2
{[%clk 0:01:52]} Be8 {[%clk 0:00:34]} 25. Qe2 {[%clk 0:01:51]} Kf8
{[%clk 0:00:32]} 26. Rdh1 {[%clk 0:01:50]} Nc8 {[%clk 0:00:24]} 27. Qe1
{[%clk 0:01:50]} Qd7 {[%clk 0:00:20]} 28. Kf2 {[%clk 0:01:41]} Qe7
{[%clk 0:00:18]} 29. Ke2 {[%clk 0:01:41]} Qd7 {[%clk 0:00:20]} 30. Qf1
{[%clk 0:01:33]} Qe7 {[%clk 0:00:21]} 31. Qc1 {[%clk 0:01:26]} Bf7
{[%clk 0:00:15]} 32. Qa3 {[%clk 0:01:23]} Nb6 {[%clk 0:00:15]} 33. Qa6
{[%clk 0:01:20]} Qc7 {[%clk 0:00:16]} 34. Be3 {[%clk 0:01:11]} Ke7
{[%clk 0:00:17]} 35. Kd2 {[%clk 0:00:53]} Ra8 {[%clk 0:00:13]} 36. Kc2
{[%clk 0:00:49]} Qc8 {[%clk 0:00:15]} 37. Qxc8 {[%clk 0:00:47]} Raxc8
{[%clk 0:00:16]} 38. Bd2 {[%clk 0:00:47]} Rcg8 {[%clk 0:00:14]} 39. a3
{[%clk 0:00:44]} Kd7 {[%clk 0:00:13]} 40. Be3 {[%clk 0:00:43]} Kc7
{[%clk 0:00:13]} 41. Ra1 {[%clk 0:00:38]} Ra8 {[%clk 0:00:14]} 42. b4
{[%clk 0:00:38]} cxb4 {[%clk 0:00:13]} 1-0

[Event "blitmenteam"]
[Site "?"]
[Date "2016.10.07"]
[Round "13.8"]
[White "Gilyazov, Amir"]
[Black "Bologan, Victor"]
[Result "0-1"]
[LiveChessVersion "1.4.4"]
[BlackElo "2601"]
[WhiteElo "2252"]

1. d4 {[%clk 0:03:02]} Nf6 {[%clk 0:03:02]} 2. c4 {[%clk 0:03:03]} c5
{[%clk 0:03:03]} 3. d5 {[%clk 0:03:03]} b5 {[%clk 0:03:04]} 4. cxb5
{[%clk 0:03:03]} a6 {[%clk 0:03:05]} 5. bxa6 {[%clk 0:03:03]} g6 {[%clk 0:03:06]}
6. Nc3 {[%clk 0:03:04]} Bg7 {[%clk 0:03:05]} 7. g3 {[%clk 0:03:05]} d6
{[%clk 0:03:04]} 8. Bg2 {[%clk 0:03:06]} O-O {[%clk 0:03:04]} 9. Nf3
{[%clk 0:03:07]} Nxa6 {[%clk 0:02:57]} 10. O-O {[%clk 0:03:07]} Qb6
{[%clk 0:02:52]} 11. Qc2 {[%clk 0:03:00]} Nb4 {[%clk 0:02:44]} 12. Qd1
{[%clk 0:02:47]} Bb7 {[%clk 0:02:15]} 13. e4 {[%clk 0:02:47]} Ba6
{[%clk 0:02:15]} 14. Re1 {[%clk 0:02:48]} Nd3 {[%clk 0:02:16]} 15. Re3
{[%clk 0:02:42]} Nxc1 {[%clk 0:02:14]} 16. Rxc1 {[%clk 0:02:28]} Ng4
{[%clk 0:02:07]} 17. Re1 {[%clk 0:02:24]} Qxb2 {[%clk 0:02:06]} 18. Rc2
{[%clk 0:02:17]} Qb4 {[%clk 0:02:07]} 19. h3 {[%clk 0:01:56]} Bxc3
{[%clk 0:02:03]} 0-1

[Event "blitmenteam"]
[Site "?"]
[Date "2016.10.07"]
[Round "13.9"]
[White "Savchenko, Boris"]
[Black "Ponomarenko, Alexandr"]
[Result "1-0"]
[LiveChessVersion "1.4.4"]
[BlackElo "2220"]
[WhiteElo "2626"]

1. e4 {[%clk 0:03:03]} c5 {[%clk 0:03:03]} 2. Nf3 {[%clk 0:03:04]} Nc6
{[%clk 0:03:04]} 3. Nc3 {[%clk 0:03:05]} d6 {[%clk 0:03:03]} 4. d4
{[%clk 0:03:05]} cxd4 5. Nxd4 {[%clk 0:03:06]} Nf6 {[%clk 0:03:05]} 6. Bg5
{[%clk 0:03:07]} e6 {[%clk 0:03:05]} 7. Qd2 {[%clk 0:03:08]} a6 {[%clk 0:03:05]}
8. f4 {[%clk 0:03:06]} Be7 {[%clk 0:03:04]} 9. O-O-O {[%clk 0:03:05]} Qc7
{[%clk 0:03:02]} 10. Bxf6 {[%clk 0:02:55]} gxf6 {[%clk 0:03:02]} 11. Be2
{[%clk 0:02:54]} Nxd4 {[%clk 0:02:54]} 12. Qxd4 {[%clk 0:02:54]} Bd7
{[%clk 0:02:48]} 13. Bh5 {[%clk 0:02:49]} Qc5 {[%clk 0:02:41]} 14. Bxf7+
{[%clk 0:02:48]} Kxf7 {[%clk 0:02:29]} 15. Qxc5 {[%clk 0:02:49]} dxc5
{[%clk 0:02:30]} 16. Rxd7 {[%clk 0:02:49]} b5 {[%clk 0:02:28]} 17. f5
{[%clk 0:02:45]} Rhd8 {[%clk 0:02:19]} 18. Rhd1 {[%clk 0:02:44]} Rxd7
{[%clk 0:02:10]} 19. Rxd7 {[%clk 0:02:44]} b4 {[%clk 0:01:47]} 20. Na4
{[%clk 0:02:41]} Rc8 {[%clk 0:01:48]} 21. c4 {[%clk 0:02:33]} bxc3
{[%clk 0:01:39]} 22. Nxc3 {[%clk 0:02:32]} c4 {[%clk 0:01:27]} 23. Ra7
{[%clk 0:02:21]} Rc6 {[%clk 0:01:11]} 24. Kc2 {[%clk 0:02:19]} h5
{[%clk 0:01:09]} 25. a4 {[%clk 0:02:02]} Kf8 {[%clk 0:01:00]} 26. Ne2
{[%clk 0:01:56]} exf5 {[%clk 0:00:55]} 27. Nd4 {[%clk 0:01:53]} Rb6
{[%clk 0:00:27]} 28. a5 {[%clk 0:01:52]} Rb8 {[%clk 0:00:05]} 29. Rxe7
{[%clk 0:01:47]} 1-0

[Event "blitmenteam"]
[Site "?"]
[Date "2016.10.07"]
[Round "13.10"]
[White "Tereshechkina, Maya"]
[Black "Bocharov, Dmitry"]
[Result "0-1"]
[LiveChessVersion "1.4.4"]
[BlackElo "2660"]
[WhiteElo "2102"]

1. d4 {[%clk 0:03:03]} Nf6 {[%clk 0:03:02]} 2. c4 {[%clk 0:03:04]} e6
{[%clk 0:03:03]} 3. Nc3 {[%clk 0:03:04]} Bb4 {[%clk 0:03:03]} 4. Qb3
{[%clk 0:03:05]} c5 {[%clk 0:03:03]} 5. dxc5 {[%clk 0:03:05]} Bxc5
{[%clk 0:03:02]} 6. Nf3 {[%clk 0:03:05]} O-O {[%clk 0:03:01]} 7. Bg5
{[%clk 0:03:05]} a6 {[%clk 0:03:00]} 8. e3 {[%clk 0:03:06]} Be7 {[%clk 0:03:00]}
9. Be2 {[%clk 0:03:05]} d6 {[%clk 0:03:01]} 10. O-O {[%clk 0:03:05]} Nbd7
{[%clk 0:03:02]} 11. Rfd1 {[%clk 0:03:00]} Qc7 {[%clk 0:03:02]} 12. Rac1
{[%clk 0:02:54]} b6 {[%clk 0:03:00]} 13. Nd4 {[%clk 0:02:19]} Bb7
{[%clk 0:02:58]} 14. Bf3 {[%clk 0:02:18]} Bxf3 {[%clk 0:02:57]} 15. Nxf3
{[%clk 0:02:19]} Rac8 {[%clk 0:02:56]} 16. Ne4 {[%clk 0:02:01]} Nxe4
{[%clk 0:02:49]} 17. Bxe7 {[%clk 0:02:00]} Ndc5 {[%clk 0:02:48]} 18. Qc2
{[%clk 0:01:40]} Qxe7 {[%clk 0:02:47]} 19. b4 {[%clk 0:01:41]} Qc7
{[%clk 0:02:43]} 20. bxc5 {[%clk 0:01:40]} Nxc5 {[%clk 0:02:43]} 21. Ng5
{[%clk 0:01:25]} f5 {[%clk 0:02:29]} 22. Qe2 {[%clk 0:01:02]} h6 {[%clk 0:02:23]}
23. Nf3 {[%clk 0:00:54]} e5 {[%clk 0:02:22]} 24. Nd2 {[%clk 0:00:44]} e4
{[%clk 0:02:15]} 25. Nb3 {[%clk 0:00:40]} Nd3 {[%clk 0:02:16]} 26. Rxd3
{[%clk 0:00:34]} exd3 {[%clk 0:02:16]} 27. Qxd3 {[%clk 0:00:35]} Kh8
{[%clk 0:02:10]} 28. Nd4 {[%clk 0:00:35]} Qf7 {[%clk 0:02:10]} 29. Qa3
{[%clk 0:00:28]} Rxc4 {[%clk 0:02:05]} 30. Rd1 {[%clk 0:00:27]} f4
{[%clk 0:01:57]} 31. e4 {[%clk 0:00:10]} Qh5 {[%clk 0:01:56]} 32. Nf3
{[%clk 0:00:09]} Qc5 {[%clk 0:01:53]} 33. Qxa6 {[%clk 0:00:07]} Rc2
{[%clk 0:01:53]} 34. Rf1 {[%clk 0:00:06]} Rc1 {[%clk 0:01:48]} 35. h3
{[%clk 0:00:07]} Qc4 {[%clk 0:01:36]} 36. Qxc4 {[%clk 0:00:07]} Rxc4
{[%clk 0:01:36]} 37. Rd1 {[%clk 0:00:08]} Rxe4 {[%clk 0:01:29]} 38. Rxd6
{[%clk 0:00:09]} Rf6 {[%clk 0:01:30]} 39. Rd8+ {[%clk 0:00:06]} Kh7
{[%clk 0:01:31]} 40. Kh2 {[%clk 0:00:07]} Re2 {[%clk 0:01:28]} 41. Nd4
{[%clk 0:00:07]} Rxf2 {[%clk 4:04:53]} 42. Rd7 {[%clk 0:00:07]} f3
{[%clk 0:01:25]} 0-1

[Event "blitmenteam"]
[Site "?"]
[Date "2016.10.07"]
[Round "13.11"]
[White "Zablotsky, Sergei"]
[Black "Dulenko, Maxim"]
[Result "0-1"]
[LiveChessVersion "1.4.4"]
[BlackElo "2174"]
[WhiteElo "2519"]

1. d4 {[%clk 0:03:04]} d5 {[%clk 0:03:04]} 2. c4 {[%clk 0:03:04]} c6
{[%clk 0:03:05]} 3. cxd5 {[%clk 0:03:05]} cxd5 {[%clk 0:03:06]} 4. Bf4
{[%clk 0:03:05]} Nf6 {[%clk 0:03:08]} 5. e3 {[%clk 0:03:02]} Nc6 {[%clk 0:03:09]}
6. Nc3 {[%clk 0:03:03]} a6 {[%clk 0:03:10]} 7. Rc1 {[%clk 0:02:51]} e6
{[%clk 0:03:08]} 8. Nf3 {[%clk 0:02:50]} Bd6 {[%clk 0:03:08]} 9. Bxd6
{[%clk 0:02:43]} Qxd6 {[%clk 0:03:09]} 10. Bd3 {[%clk 0:02:41]} O-O
{[%clk 0:03:08]} 11. Bb1 {[%clk 0:02:25]} b5 {[%clk 0:02:49]} 12. O-O
{[%clk 0:02:14]} Bb7 {[%clk 0:02:50]} 13. Ne2 {[%clk 0:02:04]} Na5
{[%clk 0:02:46]} 14. Ne5 {[%clk 0:01:57]} Rac8 {[%clk 0:02:41]} 15. b3
{[%clk 0:01:55]} Nc6 {[%clk 0:02:06]} 16. Nd3 {[%clk 0:01:50]} Nd7
{[%clk 0:02:04]} 17. Nc5 {[%clk 0:01:32]} Nxc5 {[%clk 0:02:02]} 18. Rxc5
{[%clk 0:01:33]} g6 {[%clk 0:01:55]} 19. Qd2 {[%clk 0:01:07]} Nb8
{[%clk 0:01:46]} 20. Rfc1 {[%clk 0:01:06]} Nd7 {[%clk 0:01:47]} 21. Rxc8
{[%clk 0:00:59]} Rxc8 {[%clk 0:01:49]} 22. Nf4 {[%clk 0:00:56]} b4
{[%clk 0:01:30]} 23. Rxc8+ {[%clk 0:00:45]} Bxc8 {[%clk 0:01:31]} 24. Qc1
{[%clk 0:00:38]} Bb7 {[%clk 0:01:33]} 25. Bd3 {[%clk 0:00:36]} e5
{[%clk 0:01:22]} 26. Ne2 {[%clk 0:00:30]} e4 {[%clk 0:01:21]} 27. Bc2
{[%clk 0:00:22]} a5 {[%clk 0:01:22]} 28. Bd1 {[%clk 0:00:21]} Ba6
{[%clk 0:01:22]} 29. Ng3 {[%clk 0:00:14]} h5 {[%clk 0:01:18]} 30. Be2
{[%clk 0:00:14]} h4 {[%clk 0:01:15]} 31. Bxa6 {[%clk 0:00:15]} Qxa6
{[%clk 0:01:16]} 32. Nf1 {[%clk 0:00:15]} Qe2 {[%clk 0:01:16]} 33. Qd2
{[%clk 0:00:16]} Qxd2 {[%clk 0:00:58]} 34. Nxd2 {[%clk 0:00:17]} f5
{[%clk 0:00:57]} 35. h3 {[%clk 0:00:18]} Nb6 {[%clk 0:00:56]} 36. Kf1
{[%clk 0:00:19]} Kf7 {[%clk 0:00:57]} 37. Ke2 {[%clk 0:00:21]} Ke6
{[%clk 0:00:57]} 0-1

[Event "blitmenteam"]
[Site "?"]
[Date "2016.10.07"]
[Round "13.12"]
[White "Kayukov, Kirill"]
[Black "Gochelashvili, David"]
[Result "0-1"]
[LiveChessVersion "1.4.4"]
[BlackElo "2439"]
[WhiteElo "2263"]

1. c4 {[%clk 0:03:03]} g6 {[%clk 0:03:03]} 2. Nc3 {[%clk 0:03:04]} Bg7 3. g3 Nf6
{[%clk 0:03:05]} 4. Bg2 {[%clk 0:03:08]} O-O 5. e4 d6 {[%clk 0:03:06]} 6. Nge2
{[%clk 0:03:11]} c5 {[%clk 0:02:59]} 7. O-O {[%clk 0:03:12]} Nc6 {[%clk 0:03:00]}
8. d3 {[%clk 0:03:13]} Ne8 {[%clk 0:03:00]} 9. a3 {[%clk 0:03:14]} Nc7
{[%clk 0:03:01]} 10. Rb1 {[%clk 0:03:16]} a5 {[%clk 0:02:58]} 11. h3
{[%clk 0:03:07]} Ne6 {[%clk 0:02:57]} 12. Nb5 {[%clk 0:03:05]} Ned4
{[%clk 0:02:49]} 13. Nbxd4 {[%clk 0:02:59]} cxd4 {[%clk 0:02:36]} 14. b4
{[%clk 0:02:57]} axb4 {[%clk 0:02:37]} 15. axb4 {[%clk 0:02:59]} Qb6
{[%clk 0:02:31]} 16. b5 {[%clk 0:02:58]} Ne5 {[%clk 0:02:29]} 17. Bb2
{[%clk 0:02:28]} Nd7 {[%clk 0:02:30]} 18. Qc2 {[%clk 0:02:23]} e5
{[%clk 0:02:22]} 19. Ra1 {[%clk 0:02:24]} Rxa1 {[%clk 0:02:15]} 20. Rxa1
{[%clk 0:02:24]} Nc5 {[%clk 0:02:15]} 21. Nc1 {[%clk 0:02:24]} f5
{[%clk 0:01:58]} 22. Nb3 {[%clk 0:02:04]} fxe4 {[%clk 0:01:39]} 23. Nxc5
{[%clk 0:02:05]} dxc5 {[%clk 0:01:28]} 24. dxe4 {[%clk 0:01:55]} Be6
{[%clk 0:01:23]} 25. Bc1 {[%clk 0:01:46]} Qd8 {[%clk 0:01:17]} 26. Qd3
{[%clk 0:01:40]} Qf6 {[%clk 0:01:17]} 27. Ra2 {[%clk 0:01:36]} Qf7
{[%clk 0:01:17]} 28. Bf1 {[%clk 0:01:37]} h5 {[%clk 0:01:17]} 29. Bg5
{[%clk 0:01:20]} Kh7 {[%clk 0:01:12]} 30. f4 {[%clk 0:01:08]} Bh6
{[%clk 0:01:05]} 31. Bxh6 {[%clk 0:01:03]} Kxh6 {[%clk 0:01:05]} 32. Rf2
{[%clk 0:01:04]} exf4 {[%clk 0:00:28]} 33. Rxf4 {[%clk 0:00:58]} Qe7
{[%clk 0:00:27]} 34. Qd2 {[%clk 0:00:34]} Kg7 {[%clk 0:00:24]} 35. Qf2
{[%clk 0:00:25]} g5 {[%clk 0:00:08]} 36. Rf3 {[%clk 0:00:21]} b6 {[%clk 0:00:07]}
37. e5 {[%clk 0:00:21]} Rf7 {[%clk 0:00:06]} 38. Bd3 {[%clk 0:12:02]} Bxh3
{[%clk 0:00:04]} 39. Qe2 {[%clk 0:00:05]} Rxf3 40. Qxf3 {[%clk 0:00:06]} Qxe5
{[%clk 0:00:07]} 41. Qb7+ {[%clk 0:00:07]} Kf6 {[%clk 0:00:07]} 42. Qxb6+
{[%clk 0:00:08]} Be6 {[%clk 0:00:09]} 43. Qd8+ {[%clk 0:00:07]} Kf7
{[%clk 0:00:08]} 44. Kh2 {[%clk 0:00:07]} h4 {[%clk 0:00:09]} 45. Kh1
{[%clk 0:00:06]} Qe1+ {[%clk 0:00:10]} 46. Kg2 {[%clk 0:00:06]} Qxg3+
{[%clk 0:00:11]} 47. Kh1 {[%clk 0:00:07]} Qf3+ {[%clk 0:00:11]} 48. Kh2
{[%clk 0:00:08]} Qg3+ 49. Kh1 Qh3+ {[%clk 0:00:11]} 50. Kg1 {[%clk 0:00:10]} Qe3+
{[%clk 0:00:13]} 51. Kh1 {[%clk 0:00:11]} Qf3+ {[%clk 0:00:12]} 52. Kh2
{[%clk 0:00:13]} Qg3+ {[%clk 0:00:10]} 53. Kh1 {[%clk 0:00:14]} Qxd3
{[%clk 0:00:09]} 54. Qc7+ {[%clk 0:00:14]} Kg6 {[%clk 0:00:09]} 55. Qe5
{[%clk 0:00:14]} Qe3 {[%clk 0:00:08]} 56. Qh8 {[%clk 0:00:14]} Bxc4
{[%clk 0:00:06]} 57. Qg8+ Bxg8 {[%clk 0:00:06]} 0-1

[Event "blitmenteam"]
[Site "?"]
[Date "2016.10.07"]
[Round "13.13"]
[White "Artemiev, Vladislav"]
[Black "Moskalenko, Alexander"]
[Result "1-0"]
[LiveChessVersion "1.4.4"]
[BlackElo "2573"]
[WhiteElo "2781"]

1. Nf3 {[%clk 0:02:45]} d5 {[%clk 0:02:56]} 2. d4 {[%clk 0:02:46]} Nf6
{[%clk 0:02:51]} 3. Bf4 {[%clk 0:02:46]} c5 {[%clk 0:02:43]} 4. e3
{[%clk 0:02:46]} e6 {[%clk 0:02:23]} 5. Nbd2 {[%clk 0:02:46]} Nc6
{[%clk 0:02:21]} 6. c3 {[%clk 0:02:46]} Bd6 {[%clk 0:02:17]} 7. Bg3
{[%clk 0:02:47]} O-O {[%clk 0:02:17]} 8. Bd3 {[%clk 0:02:47]} b6 {[%clk 0:02:18]}
9. Qe2 {[%clk 0:02:48]} Bb7 {[%clk 0:02:06]} 10. Rd1 {[%clk 0:02:49]} cxd4
{[%clk 0:01:58]} 11. exd4 {[%clk 0:02:48]} Be7 {[%clk 0:01:59]} 12. Ne5
{[%clk 0:02:34]} Nxe5 {[%clk 0:01:52]} 13. Bxe5 {[%clk 0:02:33]} Nd7
{[%clk 0:01:45]} 14. Bf4 {[%clk 0:02:33]} Re8 {[%clk 0:01:39]} 15. O-O
{[%clk 0:02:32]} Nf8 {[%clk 0:01:38]} 16. Bb5 {[%clk 0:02:25]} Nd7
{[%clk 0:01:39]} 17. a4 {[%clk 0:02:17]} a6 {[%clk 0:01:39]} 18. Bd3
{[%clk 0:02:17]} Bc6 {[%clk 0:01:22]} 19. Bxa6 {[%clk 0:01:54]} Bxa4
{[%clk 0:01:16]} 20. Ra1 {[%clk 0:01:55]} Bc6 {[%clk 0:01:17]} 21. Nf3
{[%clk 0:01:56]} Ra7 {[%clk 0:01:05]} 22. Bb5 {[%clk 0:01:06]} Bxb5
{[%clk 0:00:52]} 23. Qxb5 {[%clk 0:01:07]} Qa8 {[%clk 0:00:53]} 24. Rxa7
{[%clk 0:01:08]} Qxa7 {[%clk 0:00:54]} 25. Ne5 {[%clk 0:01:09]} Rd8
{[%clk 0:00:45]} 26. Nc6 {[%clk 0:01:09]} 1-0

[Event "blitmenteam"]
[Site "?"]
[Date "2016.10.07"]
[Round "13.15"]
[White "Timofeev, Artyom"]
[Black "Matinian, Nikita"]
[Result "1-0"]
[LiveChessVersion "1.4.4"]
[BlackElo "2539"]
[WhiteElo "2578"]

1. e4 {[%clk 0:03:03]} c5 {[%clk 0:03:03]} 2. Nf3 {[%clk 0:03:04]} d6
{[%clk 0:03:05]} 3. Bc4 {[%clk 0:03:04]} Nc6 {[%clk 0:03:03]} 4. c3
{[%clk 0:03:03]} Nf6 {[%clk 0:02:55]} 5. d3 {[%clk 0:03:04]} g6 {[%clk 0:02:49]}
6. O-O {[%clk 0:03:04]} Bg7 {[%clk 0:02:50]} 7. Re1 {[%clk 0:03:04]} Bg4
{[%clk 0:02:48]} 8. Nbd2 {[%clk 0:02:58]} O-O {[%clk 0:02:48]} 9. h3
{[%clk 0:02:59]} Bxf3 {[%clk 0:02:48]} 10. Nxf3 {[%clk 0:03:00]} Nd7
{[%clk 0:02:50]} 11. Be3 {[%clk 0:02:56]} Rb8 {[%clk 0:02:38]} 12. d4
{[%clk 0:02:46]} b5 {[%clk 0:02:29]} 13. Bb3 {[%clk 0:02:36]} b4 {[%clk 0:02:07]}
14. Qe2 {[%clk 0:02:37]} bxc3 {[%clk 0:02:05]} 15. bxc3 {[%clk 0:02:37]} Qa5
{[%clk 0:01:57]} 16. Rac1 {[%clk 0:02:35]} Qa3 {[%clk 0:01:45]} 17. Rc2
{[%clk 0:02:17]} Rfc8 {[%clk 0:00:51]} 18. Bc1 {[%clk 0:02:15]} Qa5
{[%clk 0:00:50]} 19. Be3 {[%clk 0:02:05]} e6 {[%clk 0:00:35]} 20. d5
{[%clk 0:01:57]} exd5 {[%clk 0:00:36]} 21. Bxd5 {[%clk 0:01:58]} Ne7
{[%clk 0:00:33]} 22. Bb3 {[%clk 0:01:53]} Bxc3 {[%clk 0:00:24]} 23. Qc4
{[%clk 0:01:51]} d5 {[%clk 0:00:08]} 24. Qxc3 {[%clk 0:01:51]} Qxc3
{[%clk 0:00:09]} 25. Rxc3 {[%clk 0:01:52]} d4 {[%clk 0:00:11]} 26. Nxd4
{[%clk 0:01:51]} cxd4 {[%clk 0:00:12]} 27. Bxd4 {[%clk 0:01:51]} Rxc3
{[%clk 0:00:13]} 28. Bxc3 {[%clk 0:01:52]} Nc5 {[%clk 0:00:14]} 29. Be5
{[%clk 0:01:48]} Rd8 {[%clk 0:00:09]} 30. Bf6 Kf8 31. Rc1 {[%clk 0:01:46]} Nxe4
{[%clk 0:00:10]} 32. Bxe7+ Kxe7 {[%clk 0:00:11]} 33. Re1 {[%clk 0:01:48]} f5
{[%clk 0:00:06]} 34. f3 {[%clk 0:01:49]} Ke8 {[%clk 0:03:02]} 1-0

[Event "blitmenteam"]
[Site "?"]
[Date "2016.10.07"]
[Round "13.16"]
[White "Vastrukhin, Oleg"]
[Black "Sharafiev, Azat"]
[Result "1-0"]
[LiveChessVersion "1.4.4"]
[BlackElo "2482"]
[WhiteElo "2355"]

1. Nf3 {[%clk 0:02:55]} d5 {[%clk 0:03:03]} 2. g3 {[%clk 0:02:57]} g6
{[%clk 0:03:04]} 3. Bg2 {[%clk 0:02:58]} Bg7 {[%clk 0:03:05]} 4. O-O
{[%clk 0:02:59]} e5 {[%clk 0:03:06]} 5. c4 {[%clk 0:03:00]} d4 {[%clk 0:03:07]}
6. e3 {[%clk 0:03:01]} Ne7 {[%clk 0:02:58]} 7. exd4 {[%clk 0:02:57]} exd4
{[%clk 0:02:59]} 8. d3 {[%clk 0:02:56]} c5 {[%clk 0:02:58]} 9. Nbd2
{[%clk 0:02:48]} O-O {[%clk 0:02:58]} 10. Ne4 {[%clk 0:02:46]} b6
{[%clk 0:02:45]} 11. Re1 {[%clk 0:02:38]} Bb7 {[%clk 0:02:45]} 12. Bg5
{[%clk 0:02:30]} f6 {[%clk 0:02:44]} 13. Bf4 {[%clk 0:02:28]} Nbc6
{[%clk 0:02:35]} 14. Nd6 {[%clk 0:02:24]} Ba6 {[%clk 0:02:35]} 15. Qe2
{[%clk 0:02:24]} Qd7 {[%clk 0:02:31]} 16. Qe6+ {[%clk 0:02:05]} Qxe6
{[%clk 0:02:32]} 17. Rxe6 {[%clk 0:02:06]} Bc8 {[%clk 0:02:18]} 18. Nxc8
{[%clk 0:02:05]} Raxc8 {[%clk 0:02:19]} 19. Rae1 {[%clk 0:02:06]} Kf7
{[%clk 0:02:19]} 20. Bd6 {[%clk 0:02:03]} Rfe8 {[%clk 0:02:15]} 21. Nd2
{[%clk 0:02:03]} Ne5 {[%clk 0:01:57]} 22. Rxe7+ {[%clk 0:02:03]} Rxe7
{[%clk 0:01:54]} 23. Bxe7 {[%clk 0:02:04]} Nxd3 {[%clk 0:01:55]} 24. Bd5+
{[%clk 0:02:05]} Ke8 {[%clk 0:01:56]} 25. Re2 {[%clk 0:01:57]} Nc1
{[%clk 0:01:57]} 26. Re6 {[%clk 0:01:57]} Kd7 {[%clk 0:01:52]} 27. Bxf6
{[%clk 0:01:50]} Bxf6 {[%clk 0:01:50]} 28. Rxf6 {[%clk 0:01:51]} Re8
{[%clk 0:01:49]} 29. Rf7+ {[%clk 0:01:50]} Kd8 {[%clk 0:01:43]} 30. Ne4
{[%clk 0:01:46]} d3 {[%clk 0:01:42]} 31. Kg2 {[%clk 0:01:36]} Nxa2
{[%clk 0:01:39]} 32. Rxa7 {[%clk 0:01:23]} Nb4 {[%clk 0:01:40]} 33. Ra8+
{[%clk 0:01:18]} Ke7 {[%clk 0:01:41]} 34. Rxe8+ {[%clk 0:01:19]} Kxe8
{[%clk 0:01:42]} 35. Kf3 {[%clk 0:01:18]} Nc2 {[%clk 0:01:40]} 36. Nd2
{[%clk 0:01:16]} Ke7 {[%clk 0:01:39]} 37. Be4 {[%clk 0:01:17]} Nd4+
{[%clk 0:01:25]} 38. Ke3 {[%clk 0:01:17]} b5 {[%clk 0:01:26]} 39. cxb5
{[%clk 0:01:16]} Nxb5 {[%clk 0:01:27]} 40. Bxd3 {[%clk 0:01:16]} Nd4
{[%clk 0:01:27]} 41. Ne4 {[%clk 0:01:17]} Nb3 {[%clk 0:01:26]} 42. Bc4
{[%clk 0:01:16]} Na5 {[%clk 0:01:27]} 43. b3 {[%clk 0:01:17]} Nb7
{[%clk 0:01:27]} 44. f4 {[%clk 0:01:15]} Kd7 {[%clk 0:01:26]} 45. g4
{[%clk 0:01:14]} Kc6 {[%clk 0:01:27]} 46. Nf6 {[%clk 0:01:14]} h6
{[%clk 0:01:27]} 47. Bd5+ {[%clk 0:01:15]} 1-0

[Event "blitmenteam"]
[Site "?"]
[Date "2016.10.07"]
[Round "13.17"]
[White "Fedoseev, Vladimir"]
[Black "Linker, Mikhail"]
[Result "1-0"]
[LiveChessVersion "1.4.4"]
[BlackElo "2244"]
[WhiteElo "2702"]

1. e4 {[%clk 0:03:04]} c5 {[%clk 0:03:02]} 2. Nf3 {[%clk 0:03:05]} d6
{[%clk 0:03:04]} 3. d4 {[%clk 0:03:06]} cxd4 {[%clk 0:03:05]} 4. Nxd4
{[%clk 0:03:07]} Nf6 {[%clk 0:03:06]} 5. Nc3 {[%clk 0:03:08]} g6 {[%clk 0:03:07]}
6. Be3 {[%clk 0:03:03]} Bg7 {[%clk 0:03:08]} 7. Qd2 {[%clk 0:03:04]} Ng4
{[%clk 0:03:04]} 8. Bg5 {[%clk 0:03:04]} Nc6 {[%clk 0:02:54]} 9. Nb3
{[%clk 0:03:05]} O-O {[%clk 0:02:52]} 10. f3 {[%clk 0:03:05]} Nge5
{[%clk 0:02:48]} 11. h4 {[%clk 0:03:04]} h5 {[%clk 0:02:48]} 12. Be2
{[%clk 0:02:58]} Be6 {[%clk 0:02:48]} 13. Nd5 {[%clk 0:02:58]} Re8
{[%clk 0:02:39]} 14. O-O {[%clk 0:02:40]} Rc8 {[%clk 0:02:35]} 15. c3
{[%clk 0:02:42]} a6 {[%clk 0:02:33]} 16. f4 {[%clk 0:02:41]} Ng4 {[%clk 0:02:31]}
17. f5 {[%clk 0:02:41]} Bxd5 {[%clk 0:02:30]} 18. exd5 {[%clk 0:02:41]} Nce5
{[%clk 0:02:31]} 19. Nd4 {[%clk 0:02:40]} Nc4 {[%clk 0:02:15]} 20. Qf4
{[%clk 0:02:34]} Be5 {[%clk 0:02:13]} 21. Qf3 {[%clk 0:02:32]} f6
{[%clk 0:02:08]} 22. fxg6 {[%clk 0:02:30]} Bxd4+ {[%clk 0:02:02]} 23. cxd4
{[%clk 0:02:30]} Qb6 {[%clk 0:02:00]} 24. Qe4 {[%clk 0:02:29]} Kg7
{[%clk 0:01:41]} 25. Bxg4 {[%clk 0:02:26]} hxg4 {[%clk 0:01:39]} 26. h5
{[%clk 0:02:27]} Ne5 {[%clk 0:01:26]} 27. h6+ {[%clk 0:02:26]} Kg8
{[%clk 0:01:20]} 28. Be3 {[%clk 0:02:27]} 1-0